00268nam a22001097a 4500003000400000082001900004100002100023245006700044260002600111300000800137650001300145SGT a610.7367bS05N aNATHAN, PRAKASH  aSURGICAL & MEDICAL PROCEDURES FOR NURSES & PARA MEDICAL STAFF  aINDIA bJAYPEE c2005 a175 aSURGERY